000 01550nam0a2200325 4500
001 RU\NLR\bibl\100402
005 20250617083434.0
020 _aRU
_b98-30804
_9Книжная летопись
021 _aRU
_b98-23217
_91097
021 _aRU
_b98-22476
_91059
035 _a(NLR Aleph) 000098169
090 _a553361
_c553361
100 _a20000726d1997 |||y0rusy50 ca
101 0 _arus
102 _aRU
105 _aa |||||||||
200 1 _aРуководство по ремонту автомобилей ВАЗ-2107, ВАЗ-21072, ВАЗ-21073, ВАЗ-21074 с центральной системой впрыска топлива
210 _aМ.
_cЛивр
_d1997
215 _a174, [1] c.
_cил.
_d28
300 _aЗагл. обл.: ВАЗ-2107 с системой впрыска топлива (с инжектором): Руководство по ремонту
512 1 _aВАЗ-2107 с системой впрыска топлива (с инжектором)
_eРуководство по ремонту
606 0 _aАвтомобили ВАЗ "Жигули"
_jРуководства, пособия и т.п.
_xРемонт
_91047842
_3RU\NLR\auth\6686503
606 0 _a"Жигули", легковые автомобили
_jРуководства, пособия и т.п.
_xРемонт
_92083200
_3RU\NLR\auth\661259250
686 _aО335.52-083я7"Жигули"
801 0 _aRU
_bNLR
_c20000726
_gPSBO
801 1 _aRU
_bNLR
_c20000726
852 _aNLR
_j98-8/799
942 _cBOOK
980 _aNB